| 000 | 00604nam a2200241Ia 4500 | ||
|---|---|---|---|
| 003 | OSt | ||
| 005 | 20220918174906.0 | ||
| 006 | a|||||r|||| 00| 0 | ||
| 007 | ta | ||
| 008 | 220917b |||||||| |||| 00| 0 eng d | ||
| 024 | _a14,550 | ||
| 037 | _cTextual | ||
| 040 |
_aARTS _cARTS _beng |
||
| 041 |
_2eng _aeng |
||
| 082 | _aNQ297,L, M3 | ||
| 100 |
_aFrench J C _952111 |
||
| 245 | 0 | _aHimalayan art | |
| 260 |
_aDelhi _bNeeraj Pub House _c1983 |
||
| 300 |
_axiv,116p. 23plates _ccm. |
||
| 650 | _aARTS | ||
| 942 |
_hNQ297,L, M3 _cTEXL _2CC |
||
| 999 |
_c155098 _d155098 |
||